000 00265nam a2200121Ia 4500
008 190216s9999||||xx |||||||||||||| ||und||
100 _aNarayan R K
245 0 _aNext Sunday
260 _bPearl Pub
_c1986
300 _a182
650 _aEnglish Novel
942 _cBK
999 _c12804
_d12804